000 005060000a22001930004500
001 27
003 CO-MdFUSB
005 20170615171155.0
008 170615b xxu||||| |||| 00| 0 eng d
020 _a958-04-6885-0
040 _cCO-MdBIC
082 0 4 _a863C B862d
100 1 _aMaude Spelman, Cornelia
245 1 0 _aEl divorcio de mamá y papá oso / Cornelia Maude Spelman, il. : Kathy Parkinson
260 _aBogotá : Norma
300 _a[ 24 P.]
650 1 4 _aLiteratura infantil
942 _cLGB
999 _c47287
_d47287